Тепломассоперенос и гидродинамика в топочных устройствах, газогенераторах и химических реакторах: сборник научных трудов

Bibliografske podrobnosti
Korporativna značnica: Академия наук Белорусской ССР (АН БССР) Институт тепло- и массообмена им. А. В. Лыкова (ИТМО)
Drugi avtorji: Бородуля В. А. (редактор)
Jezik:ruščina
Izdano: Минск, Изд-во ИТМО, 1986
Teme:
Format: Knjiga
KOHA link:https://koha.lib.tpu.ru/cgi-bin/koha/opac-detail.pl?biblionumber=259325

MARC

LEADER 00000nam0a2200000 4500
001 259325
005 20231101233358.0
035 |a (RuTPU)RU\TPU\book\282251 
090 |a 259325 
100 |a 20140507d1986 k y0rusy50 ca 
101 0 |a rus 
102 |a BY 
105 |a a z 001zy 
200 1 |a Тепломассоперенос и гидродинамика в топочных устройствах, газогенераторах и химических реакторах  |e сборник научных трудов  |f Академия наук Белорусской ССР (АН БССР), Институт тепло- и массообмена им. А. В. Лыкова (ИТМО) ; под ред. В. А. Бородули 
210 |a Минск  |c Изд-во ИТМО  |d 1986 
215 |a 150 с.  |c ил. 
320 |a Библиогр. в конце ст. 
606 1 |a Химическая технология  |x Процессы  |2 stltpush  |3 (RuTPU)RU\TPU\subj\31251  |9 54153 
610 1 |a топочные устройства 
610 1 |a тепломассоперенос 
610 1 |a гидродинамика 
610 1 |a газогенераторы 
610 1 |a химические реакторы 
675 |a 66.021  |v 3 
702 1 |a Бородуля  |b В. А.  |4 340 
712 0 2 |a Академия наук Белорусской ССР (АН БССР)  |b Институт тепло- и массообмена им. А. В. Лыкова (ИТМО)  |c (Минск)  |2 stltpush  |3 (RuTPU)RU\TPU\col\11896 
801 1 |a RU  |b 63413507  |c 20140507 
801 2 |a RU  |b 63413507  |c 20151127  |g RCR 
942 |c BK